<?xml version="1.0" encoding="UTF-8"?><?xml-stylesheet type="text/xsl" href="static/style.xsl"?><OAI-PMH xmlns="http://www.openarchives.org/OAI/2.0/" xmlns:xsi="http://www.w3.org/2001/XMLSchema-instance" xsi:schemaLocation="http://www.openarchives.org/OAI/2.0/ http://www.openarchives.org/OAI/2.0/OAI-PMH.xsd"><responseDate>2026-04-13T13:17:45Z</responseDate><request verb="GetRecord" identifier="oai:www.recercat.cat:2099.1/19466" metadataPrefix="marc">https://recercat.cat/oai/request</request><GetRecord><record><header><identifier>oai:recercat.cat:2099.1/19466</identifier><datestamp>2025-07-23T02:53:41Z</datestamp><setSpec>com_2072_1033</setSpec><setSpec>col_2072_452951</setSpec></header><metadata><record xmlns="http://www.loc.gov/MARC21/slim" xmlns:dcterms="http://purl.org/dc/terms/" xmlns:xsi="http://www.w3.org/2001/XMLSchema-instance" xmlns:doc="http://www.lyncode.com/xoai" xsi:schemaLocation="http://www.loc.gov/MARC21/slim http://www.loc.gov/standards/marcxml/schema/MARC21slim.xsd">
   <leader>00925njm 22002777a 4500</leader>
   <datafield ind2=" " ind1=" " tag="042">
      <subfield code="a">dc</subfield>
   </datafield>
   <datafield ind2=" " ind1=" " tag="720">
      <subfield code="a">Chas Gómez, Antonio</subfield>
      <subfield code="e">author</subfield>
   </datafield>
   <datafield ind2=" " ind1=" " tag="260">
      <subfield code="c">2013</subfield>
   </datafield>
   <datafield ind2=" " ind1=" " tag="520">
      <subfield code="a">La idea principal de este proyecto se basa en ofrecer&#xd;
una alternativa a un producto ya existente, aplicando&#xd;
conceptos de investigación, diseño e innovación,&#xd;
siempre teniendo en cuenta aspectos medioambientales.&#xd;
El desarrollo de la industria de la fabricación, nos&#xd;
permite la aplicación de nuevas herramientas, y la&#xd;
utilización de nuevos materiales, más eficientes y con&#xd;
mejores características.&#xd;
Durante el desarrollo de este proyecto, se ha seguido&#xd;
una línea innovadora que ha creado la necesidad de&#xd;
realizar un estudio exhaustivo de las nuevas&#xd;
tecnologías existentes.&#xd;
La validación del diseño se ha basado en los&#xd;
resultados obtenidos mediante la aplicación de&#xd;
diversas técnicas de estudio, tales como aplicación de&#xd;
esfuerzos con elementos finitos o análisis reológico.</subfield>
   </datafield>
   <datafield tag="653" ind2=" " ind1=" ">
      <subfield code="a">Àrees temàtiques de la UPC::Enginyeria mecànica::Processos de fabricació mecànica</subfield>
   </datafield>
   <datafield tag="653" ind2=" " ind1=" ">
      <subfield code="a">Manufacturing processes</subfield>
   </datafield>
   <datafield tag="653" ind2=" " ind1=" ">
      <subfield code="a">MoldFlow</subfield>
   </datafield>
   <datafield tag="653" ind2=" " ind1=" ">
      <subfield code="a">Inyección</subfield>
   </datafield>
   <datafield tag="653" ind2=" " ind1=" ">
      <subfield code="a">Elementos Finitos</subfield>
   </datafield>
   <datafield tag="653" ind2=" " ind1=" ">
      <subfield code="a">Inventor</subfield>
   </datafield>
   <datafield tag="653" ind2=" " ind1=" ">
      <subfield code="a">Fabricació -- Innovacions tecnològiques</subfield>
   </datafield>
   <datafield ind2="0" ind1="0" tag="245">
      <subfield code="a">Rediseño de un conector de señales para la fabricación con inyección de plástico</subfield>
   </datafield>
</record></metadata></record></GetRecord></OAI-PMH>